| 000 | 00823ntm a22002177a 4500 | ||
|---|---|---|---|
| 005 | 20170810144822.0 | ||
| 008 | 170802s2013 xx a frb 000 0 eng d | ||
| 040 |
_aEG-ScBUE _beng _cEG-ScBUE |
||
| 082 | 0 | 4 |
_222 _a624 _bSED |
| 100 | 1 | _aSedhom, Andrew Ashraf Mohareb. | |
| 245 | 1 | 0 |
_aFurther Investigation of be based lateral analysis of tall buildings / _cAndrew Ashraf Mohareb Sedhom. |
| 260 | _c2013. | ||
| 300 |
_a91 p . : _bill . (col.) ; _c28 cm. |
||
| 500 | _aA dissertation submitted to the faculty of engineering the British University in Egypt in partial fulfillment of the requirements for bachelor degree in civil engineering. | ||
| 590 | _anaira | ||
| 650 | 7 |
_2BUEsh _aCivil engineering _vProjects |
|
| 653 |
_bENGCIV _cAugust2017 |
||
| 655 | _vSPRO | ||
| 700 | 1 |
_aRashed, Youssef Fawzy. _eths |
|
| 942 | _2ddc | ||
| 999 |
_c25299 _d25271 |
||